Score 0/120 Timer 20:00
0 Plays Today
Season Episode % Correct
Season 1Pilot
90.8%
74.4%
74.4%
74.4%
74.4%
73.8%
Season 3Bang
69.7%
Season 1Ah, But Underneath
65.1%
Season 4Sunday
62.1%
Season 1Sunday in the Park with George
60%
Season 4Something's Coming
59.5%
Season 1Pretty Little Picture
54.4%
Season 5City on Fire
53.8%
Season 1The Ladies Who Lunch
52.8%
Season 2Remember: Part 1
52.8%
Season 2Remember: Part 2
52.8%
Season 2One Wonderful Day
52.3%
Season 2Next
52.3%
Season 1Who's That Woman?
51.8%
Season 3Listen to the Rain on the Roof
51.8%
Season 3Children and Art
51.8%
Season 4Free
51.3%
Season 4The Gun Song
49.7%
Season 1Guilty
49.2%
Season 3Getting Married Today
48.2%
Season 1Children Will Listen
47.7%
Season 1Every Day a Little Death
46.7%
Season 4Welcome to Kanagawa
46.2%
Season 3A Weekend in the Country
45.6%
Season 1Come In, Stranger!
44.6%
Season 2Color and Light
44.6%
Season 3My Husband, The Pig
44.6%
Season 2I Know Things Now
43.6%
Season 4Now You Know
43.6%
Season 4The Game
43.6%
Season 4Now I Know, Don't Be Scared
43.6%
Season 1There Won't Be Trumpets
42.6%
Season 3Gossip
42.6%
Season 3Into the Woods
42.6%
Season 2Everybody Says Don't
42.1%
Season Episode % Correct
Season 1Love Is in the Air
41.5%
Season 2That's Good, That's Bad
41.5%
Season 3The Miracle Song
41.5%
Season 5Mirror, Mirror
41.5%
Season 5Everybody Says Don't
41.5%
Season 2One More Kiss
41%
Season 4Mother Said
41%
Season 2There's Something About a War
40.5%
Season 2Silly People
40.5%
Season 3Nice She Ain't
40.5%
Season 4Smiles of a Summer Night
40.5%
Season 2You Could Drive a Person Crazy
40%
Season 3It Takes Two
40%
Season 4In Buddy's Eyes
40%
Season 1Running to Stand Still
39.5%
Season 2Coming Home
39%
Season 1Anything You Can Do
38.5%
Season 3Dress Big
38.5%
Season 4Art Isn't Easy
38.5%
Season 1Suspicious Minds
37.9%
Season 1Impossible
37.9%
Season 3Beautiful Girls
37.9%
Season 5A Spark. To Pierce the Dark.
37.4%
Season 1Goodbye for Now
36.9%
Season 5There's Always a Woman
36.9%
Season 6Being Alive
36.9%
Season 1Move On
36.4%
Season 3Come Play Wiz Me
36.4%
Season 3God, That's Good
36.4%
Season 5Me and My Town
36.4%
Season 1Live Alone and Like It
35.9%
Season 3Liaisons
35.9%
Season 1Your Fault
35.4%
Season 2They Asked Me Why I Believe in You
35.4%
Season 4Distant Past
35.4%
Season 4Hello, Little Girl
35.4%
Season 5Mama Spent Money When She Had None
35.4%
Season 3The Little Things You Do Together
34.9%
Season 2Could I Leave You?
34.4%
Season 3Like It Was
34.4%
Season Episode % Correct
Season 4You Can't Judge a Book by Its Cover
33.8%
Season 4Opening Doors
33.8%
Season 5Marry Me a Little
33.8%
Season 3No Fits, No Fights, No Feuds
33.3%
Season 3Not While I'm Around
33.3%
Season 3What Would We Do Without You?
33.3%
Season 1Fear No More
32.8%
Season 3Sweetheart, I Have to Confess
32.8%
Season 5You're Gonna Love Tomorrow
32.8%
Season 3I Remember That
32.3%
Season 5Kids Ain't Like Everybody Else
32.3%
Season 5In a World Where the Kings Are Employers
32.3%
Season 5The Story of Lucy and Jessie
32.3%
Season 6Never Judge a Lady By Her Lover
32.3%
Season 6The God-Why-Don't-You-Love-Me Blues
32.3%
Season 4If There's Anything I Can't Stand
31.8%
Season 5Rose's Turn
31.8%
Season 5If It's Only in Your Head
31.8%
Season 2No One Is Alone
31.3%
Season 5Connect! Connect!
31.3%
Season 1Come Back to Me
30.8%
Season 5We're So Happy You're So Happy
30.8%
Season 2The Sun Won't Set
29.7%
Season 5Home Is the Place
29.7%
Season 5Bargaining
29.7%
Season 6Nice is Different Than Good
29.7%
Season 2It Wasn't Meant to Happen
29.2%
Season 2Don't Look at Me
28.7%
Season 2I Wish I Could Forget You
27.2%
Season 2Thank You So Much
27.2%
Season 5Crime Doesn't Pay
27.2%
Season 2My Heart Belong to Daddy
26.7%
Season 2You'll Never Get Away from Me
25.6%
Season 5The Best Thing That Ever Could Have Happened
25.6%
Season 5A Vision's Just a Vision
25.1%
Season 2We're Gonna Be All Right
23.6%
Season 5Back in Business
23.1%
Season 5Look Into Their Eyes and Your See What They Know
21.5%
Season 5What More Do I Need?
14.9%
Season 2There Is No Other Way
13.3%
Remove Ads.
Support Sporcle.
Get the best of Sporcle when you Go Orange. This ad-free experience offers more features, more stats, and more fun while also helping to support Sporcle. Thank you for becoming a member.

You're not logged in!

Compare scores with friends on all Sporcle quizzes.
OR
Log In

Show Comments

Extras

Top Quizzes Today


Score Distribution

Your Account Isn't Verified!

In order to create a playlist on Sporcle, you need to verify the email address you used during registration. Go to your Sporcle Settings to finish the process.

Report this User

Report this user for behavior that violates our Community Guidelines.

Details: